[Event "Oslo Akademisk Pfingst op"]
[Site "Oslo"]
[Date "2010.05.22"]
[Round "5"]
[White "Kvisla, Johannes Luangtep"]
[Black "Norberg, Espen"]
[Result "0-1"]
[WhiteElo "2163"]
[BlackElo "2071"]
[PlyCount "112"]
[EventDate "2010.05.22"]
[EventType "swiss"]
[EventRounds "6"]
[EventCountry "NOR"]
[SourceTitle "EXT 2012"]
[Source "ChessBase"]
[SourceDate "2011.11.24"]
[SourceVersion "1"]
[SourceVersionDate "2011.11.24"]
[SourceQuality "1"]

1. e4 e6 2. Qe2 c5 3. f4 Nc6 4. c3 Nf6 5. d3 Be7 6. g3 d5 7. Bg2 0-0 8. Nf3 Rb8 9. a4 Qa5 10. Nbd2 b5 11. e5 Ne8 12. Nb3 Qc7 13. axb5 Rxb5 14. Nbd2 g6 15. 0-0 Ng7 16. g4 Bd7 17. Rf2 Rfb8 18. Nf1 Na5 19. N3d2 c4 20. d4 Qd8 21. Ng3 Qb6 22. Qf1 a6 23. Bh3 Bh4 24. Nf3 Bxg3 25. hxg3 Nb3 26. Rb1 Nxc1 27. Qxc1 a5 28. f5 exf5 29. Qh6 g5 30. Qxg5 Qg6 31. gxf5 Nxf5 32. Qxg6+ hxg6 33. Nh4 a4 34. Bxf5 Bxf5 35. Nxf5 gxf5 36. Rxf5 a3 37. Rbf1 axb2 38. Rb1 Ra8 39. Rf2 Ra1 40. Rff1 Rxb1 41. Rxb1 Kg7 42. Kf2 Kg6 43. Ke2 Kg5 44. Kf2 Rb3 45. Ke2 Kg4 46. Kf2 Rb8 47. Kg2 Rb6 48. Kf2 Rb3 49. Kg2 Rxc3 50. Rxb2 Rxg3+ 51. Kf2 Rb3 52. Ra2 Kf4 53. Ra7 Rb2+ 54. Ke1 Ke3 55. Kd1 Kxd4 56. Rxf7 Kxe5 0-1

[Event "Oslo Akademisk Pfingst op"]
[Site "Oslo"]
[Date "2010.05.22"]
[Round "4"]
[White "Tari, Aryan"]
[Black "Norberg, Espen"]
[Result "0-1"]
[WhiteElo "1997"]
[BlackElo "2071"]
[PlyCount "90"]
[EventDate "2010.05.22"]
[EventType "swiss"]
[EventRounds "6"]
[EventCountry "NOR"]
[SourceTitle "EXT 2012"]
[Source "ChessBase"]
[SourceDate "2011.11.24"]
[SourceVersion "1"]
[SourceVersionDate "2011.11.24"]
[SourceQuality "1"]

1. e4 e6 2. d4 d5 3. Nc3 Nf6 4. Bg5 Be7 5. e5 Nfd7 6. Bxe7 Qxe7 7. f4 0-0 8. Nf3 c5 9. Nb5 Nc6 10. Nd6 cxd4 11. Nxd4 Ndxe5 12. Nxc8 Raxc8 13. c3 Nc4 14. Bxc4 dxc4 15. Nxc6 Rxc6 16. Qe2 Rd8 17. 0-0 Qc5+ 18. Kh1 Rcd6 19. Rad1 Rd3 20. Rxd3 Rxd3 21. f5 Qd5 22. fxe6 Qxe6 23. Qf2 Re3 24. Qf4 Re1 25. h3 Rxf1+ 26. Qxf1 Qe4 27. Qf2 a6 28. a3 h6 29. Kg1 f5 30. Qd2 Kf7 31. Kf2 Ke6 32. Qd8 Qc6 33. h4 Qc5+ 34. Kf1 Qc6 35. Qg8+ Kf6 36. Qf8+ Kg6 37. h5+ Kg5 38. Qxg7+ Kxh5 39. Qf7+ Kg5 40. Qg7+ Kf4 41. Qd4+ Qe4 42. Qd6+ Ke3 43. Qxh6+ f4 44. Qb6+ Kd2 45. Qb4 Qe1# 0-1

[Event "Oslo-ch"]
[Site "Oslo"]
[Date "2008.04.04"]
[Round "1"]
[White "Kjolberg, Jens Hjorth"]
[Black "Norberg, Espen"]
[Result "1/2-1/2"]
[WhiteElo "1494"]
[BlackElo "1772"]
[PlyCount "84"]
[EventDate "2008.04.04"]
[EventType "swiss"]
[EventRounds "4"]
[EventCountry "NOR"]
[SourceTitle "EXT 2010"]
[Source "ChessBase"]
[SourceDate "2010.11.25"]
[SourceVersion "1"]
[SourceVersionDate "2010.11.25"]
[SourceQuality "1"]

1. d4 d5 2. Nf3 e6 3. c4 Nf6 4. Bg5 Be7 5. e3 0-0 6. Nc3 h6 7. Bh4 b6 8. Bd3 dxc4 9. Bxc4 Bb7 10. 0-0 Ne4 11. Bxe7 Qxe7 12. Qe2 Nd7 13. Nxe4 Bxe4 14. Nd2 Bb7 15. f4 c5 16. Nb3 cxd4 17. exd4 Qd6 18. f5 exf5 19. Rxf5 Nf6 20. Re5 Bd5 21. Bxd5 Nxd5 22. Re1 a5 23. Qc4 Rad8 24. Rc1 Nf4 25. Rf1 Rc8 26. Qb5 Ne6 27. Rd5 Qc6 28. Qxc6 Rxc6 29. Rb5 Nc7 30. Rbf5 a4 31. Nc1 Rc2 32. R5f2 Rxf2 33. Rxf2 Rd8 34. Rd2 f5 35. Kf2 Kf7 36. Ne2 Nb5 37. Ke3 g5 38. Kd3 Ke6 39. Rc2 Kd6 40. Rc4 Ra8 41. Rb4 Kc6 42. Nc3 Nxc3 1/2-1/2